000 00398nam a22001577a 4500
082 _a346.078KER
100 _aKERR
245 _aTHE LAW AND PRACTICE AS TO RECEIVERS
250 _aFOURTEENTH EDITION
260 _aLONDON
_bSWEET AND MAXWELL
_c1972
300 _ali,385p
_bill;23cm
500 _ainclude,index
650 _athe law and practiece as to receivers
700 _akerr
942 _cBK
999 _c17116
_d17116